000 00371nam a2200133 i 4500
001 bg
245 0 _aErfahrungsberichte zur Anwendung von Lochkarten in Informationseinrichtungen.
_nBd. 1,
_pMaschinelle Lochkartenverfahren.
260 _aBerlin,
_c1967.
040 _cBPK
041 _apol
080 _a681.1
942 _cKS
008 s pl f |000 0 pol
999 _c13297
_d13297
856 _uhttp://koha.tu.koszalin.pl/cgi-bin/koha/opac-detail.pl?biblionumber=13297
_yKatalog online BPK